Vers un ordre social chrétien (Record no. 89906)
[ view plain ]
| 000 -LEADER | |
|---|---|
| campo de control de longitud fija | 00569nam a2200169 i 4500 |
| 001 - NÚMERO DE CONTROL | |
| campo de control | 89906 |
| 003 - IDENTIFICADOR DE NÚMERO DE CONTROL | |
| campo de control | ES-MaACL |
| 005 - FECHA Y HORA DE LA ÚLTIMA TRANSACCIÓN | |
| campo de control | 20230906180311.0 |
| 007 - CAMPO FIJO DE DESCRIPCIÓN FÍSICA--INFORMACIÓN GENERAL | |
| campo de control de longitud fija | t| |
| 008 - DATOS DE LONGITUD FIJA--INFORMACIÓN GENERAL | |
| campo de control de longitud fija | 050117s1921 fr ||||1| fre d |
| 100 1# - ENTRADA PRINCIPAL--NOMBRE DE PERSONA | |
| Nombre de persona | La Tour du Pin-La Charce |
| Títulos y otros términos asociados al nombre | Marquis de. |
| 9 (RLIN) | 69185 |
| 245 10 - MENCIÓN DEL TÍTULO | |
| Título | Vers un ordre social chrétien |
| Resto del título | : jalons de route ; 1882-1907 / |
| Mención de responsabilidad, etc. | Marquis de La Tour du Pin-La Charce. |
| 250 ## - MENCION DE EDICION | |
| Mención de edición | Nouv. éd. |
| 260 ## - PUBLICACIÓN, DISTRIBUCIÓN, ETC. | |
| Lugar de publicación, distribución, etc. | Paris : |
| Nombre del editor, distribuidor, etc. | Librairie National, |
| Fecha de publicación, distribución, etc. | 1921 ( |
| Lugar de fabricación/manufactura | Poitiers : |
| Fabricante | Soc. Française d'Imprimerie) |
| 300 ## - DESCRIPCIÓN FÍSICA | |
| Extensión | XI, 514 p. ; |
| Dimensiones | 23 cm. |
| 852 ## - LOCALIZACIÓN | |
| Ubicación | ES-MaACL |
| Número de control de estantería | F-1444 |
| Estatus retirado | Estado de pérdida | Estado de daño | No para préstamo | Biblioteca de origen | Biblioteca actual | Ubicación en estantería | Fecha de adquisición | Fuente de adquisición | Total de préstamos | Signatura topográfica completa | Código de barras | Visto por última vez | Precio de reemplazo | Tipo de ítem Koha |
|---|---|---|---|---|---|---|---|---|---|---|---|---|---|---|
| Biblioteca del Ateneo de Madrid | Biblioteca del Ateneo de Madrid | Depósito 2 | 17/01/2008 | F-1444 | 1093890 | 23/02/2023 | 23/02/2023 | Libro impreso |
